[Event "GBR-ch 100th"]
[Site "Torquay"]
[Date "2013.08.09"]
[Round "11"]
[White "Weller, Jean Luc"]
[Black "Williams, Simon Kim"]
[Result "1/2-1/2"]
[WhiteElo "2172"]
[BlackElo "2481"]
[PlyCount "93"]
[EventDate "2013.07.29"]
[EventType "swiss"]
[EventRounds "11"]
[EventCountry "ENG"]
[SourceTitle "CBM 155 Extra"]
[Source "ChessBase"]
[SourceDate "2013.08.26"]
[SourceVersion "1"]
[SourceVersionDate "2013.08.26"]
[SourceQuality "1"]

1. d4 Nf6 2. c4 g6 3. Nc3 Bg7 4. e4 0-0 5. Nf3 d6 6. Be2 e5 7. dxe5 dxe5 8. Qxd8 Rxd8 9. Bg5 Re8 10. 0-0 Na6 11. Rfd1 Bg4 12. h3 Bxf3 13. Bxf3 h6 14. Be3 c6 15. Na4 Bf8 16. a3 b6 17. b4 Nc7 18. Nc3 Ne6 19. b5 cxb5 20. cxb5 Rad8 21. Rxd8 Rxd8 22. Nd5 Nxd5 23. exd5 Nc5 24. Bxc5 Bxc5 25. a4 f5 26. Be2 Kg7 27. Bc4 Kf6 28. Kf1 e4 29. Ke2 Ke5 30. Bb3 Kd4 31. Rc1 g5 32. Ba2 h5 33. Rc2 f4 34. Rc1 Rd7 35. Rd1+ Ke5 36. d6 Bd4 37. Rc1 Rxd6 38. Rc6 g4 39. hxg4 hxg4 40. Rxd6 Kxd6 41. f3 exf3+ 42. gxf3 g3 43. Kf1 Kc5 44. Bb3 Kb4 45. Bd1 Bc5 46. Kg2 Kc3 47. Kf1 1/2-1/2

[Event "GBR-ch 100th"]
[Site "Torquay"]
[Date "2013.08.03"]
[Round "6"]
[White "Gormally, Daniel"]
[Black "Weller, Jean Luc"]
[Result "1-0"]
[WhiteElo "2496"]
[BlackElo "2172"]
[PlyCount "77"]
[EventDate "2013.07.29"]
[EventType "swiss"]
[EventRounds "11"]
[EventCountry "ENG"]
[SourceTitle "CBM 155 Extra"]
[Source "ChessBase"]
[SourceDate "2013.08.26"]
[SourceVersion "1"]
[SourceVersionDate "2013.08.26"]
[SourceQuality "1"]

1. d4 Nf6 2. Nf3 e6 3. c4 d5 4. g3 Bb4+ 5. Nc3 0-0 6. Bg2 dxc4 7. 0-0 Nbd7 8. Qc2 c6 9. e4 Bxc3 10. bxc3 b5 11. e5 Nd5 12. Ng5 g6 13. Ne4 a5 14. Re1 Qb6 15. Bh6 b4 16. Bxf8 Kxf8 17. Qd2 Kg7 18. a3 b3 19. Nd6 Ba6 20. Re4 Qd8 21. Rh4 h5 22. Re1 N7b6 23. f4 Ne7 24. g4 Nf5 25. gxf5 Qxh4 26. f6+ Kh7 27. Re4 b2 28. Qxb2 Na4 29. Qc1 Rb8 30. f5 Nxc3 31. fxg6+ fxg6 32. Qxc3 Rb1+ 33. Bf1 Qg5+ 34. Kf2 Rc1 35. h4 Qxh4+ 36. Rxh4 Rxc3 37. f7 Kg7 38. Rf4 Kf8 39. Rf6 1-0

[Event "GBR-ch 100th"]
[Site "Torquay"]
[Date "2013.08.01"]
[Round "4"]
[White "Gill, Oliver"]
[Black "Weller, Jean Luc"]
[Result "1/2-1/2"]
[WhiteElo "1974"]
[BlackElo "2172"]
[PlyCount "126"]
[EventDate "2013.07.29"]
[EventType "swiss"]
[EventRounds "11"]
[EventCountry "ENG"]
[SourceTitle "CBM 155 Extra"]
[Source "ChessBase"]
[SourceDate "2013.08.26"]
[SourceVersion "1"]
[SourceVersionDate "2013.08.26"]
[SourceQuality "1"]

1. e4 e6 2. d4 d5 3. Bd3 dxe4 4. Bxe4 Nf6 5. Bf3 c5 6. Ne2 Nc6 7. Be3 cxd4 8. Nxd4 Ne5 9. 0-0 a6 10. c4 Qc7 11. Nd2 Nxf3+ 12. Qxf3 Bd6 13. h3 0-0 14. c5 Qxc5 15. Nxe6 Qe5 16. Nf4 Be6 17. g3 Qb5 18. Ne4 Nxe4 19. Nxe6 Rfe8 20. Qxe4 Rxe6 21. Qf3 Rf6 22. Qg2 Rg6 23. b3 f5 24. f4 Re8 25. Rae1 Bb4 26. Bd2 Bxd2 27. Qxd2 Rxg3+ 28. Kh2 Rxe1 29. Rxe1 Qd3 30. Qxd3 Rxd3 31. Re7 b5 32. Re2 Rf3 33. Kg2 Rxf4 34. Re6 h5 35. Rxa6 Kh7 36. a4 Rb4 37. Rb6 Rxb3 38. Rxb5 Ra3 39. Rxf5 Kh6 40. Ra5 h4 41. Ra7 g6 42. a5 Kg5 43. a6 Ra2+ 44. Kg1 Kf4 45. Rb7 Rxa6 46. Rb4+ Kg5 47. Rb5+ Kf6 48. Rb4 g5 49. Rb3 Ra4 50. Kg2 Kf5 51. Rf3+ Ke4 52. Rb3 Ra2+ 53. Kg1 Re2 54. Rb4+ Kf5 55. Rb5+ Kf4 56. Rb4+ Re4 57. Rb3 Re3 58. Rb4+ Kf3 59. Rg4 Re5 60. Kh2 Rf5 61. Kg1 Ke3 62. Kg2 Rf2+ 63. Kg1 Rf5 1/2-1/2

[Event "GBR-ch 100th"]
[Site "Torquay"]
[Date "2013.07.29"]
[Round "1"]
[White "Weller, Jean Luc"]
[Black "Oyama, Akito"]
[Result "1-0"]
[WhiteElo "2172"]
[BlackElo "1966"]
[PlyCount "161"]
[EventDate "2013.07.29"]
[EventType "swiss"]
[EventRounds "11"]
[EventCountry "ENG"]
[SourceTitle "CBM 155 Extra"]
[Source "ChessBase"]
[SourceDate "2013.08.26"]
[SourceVersion "1"]
[SourceVersionDate "2013.08.26"]
[SourceQuality "1"]

1. d4 f5 2. Bg5 h6 3. Bh4 g5 4. e3 Nf6 5. Bg3 Bg7 6. h4 g4 7. Ne2 0-0 8. Nbc3 b6 9. Nf4 e6 10. d5 e5 11. Ng6 d6 12. Nxf8 Qxf8 13. h5 Qf7 14. Bh4 Nxh5 15. Be2 Nf6 16. f3 gxf3 17. gxf3 Nbd7 18. Qd2 e4 19. fxe4 Nxe4 20. Nxe4 fxe4 21. 0-0-0 Ne5 22. Qb4 Bf5 23. Rdf1 c5 24. dxc6 Qxa2 25. Qb3+ Qxb3 26. cxb3 Be6 27. Rhg1 Rc8 28. Bf6 Rxc6+ 29. Bc4 Ng4 30. Rxg4 Rxc4+ 31. bxc4 Bxg4 32. Be7 Be2 33. Rf4 Bxc4 34. Rxe4 d5 35. Rf4 Be5 36. Rf5 Bg3 37. Kc2 Kh7 38. b3 Be2 39. Rxd5 h5 40. Rd4 Kg6 41. Kd2 Bg4 42. Bd6 Bxd6 43. Rxd6+ Kg5 44. Ke1 Kf5 45. Kf2 Ke5 46. Rd8 Be6 47. b4 a5 48. bxa5 bxa5 49. Ra8 h4 50. Rxa5+ Bd5 51. Ra4 h3 52. Kg3 Bg2 53. Rh4 Kf5 54. Rh8 Ke4 55. Re8+ Kf5 56. Re7 Kf6 57. Ra7 Kf5 58. Ra5+ Ke6 59. Rh5 Kf6 60. Kf4 Kg6 61. Rh4 Bf1 62. e4 Kf6 63. e5+ Ke6 64. Rh6+ Ke7 65. Ke4 Bc4 66. Rxh3 Ke6 67. Rh6+ Ke7 68. Kd4 Ba2 69. Rb6 Bg8 70. Rb7+ Ke6 71. Ke4 Bh7+ 72. Kf4 Bd3 73. Rb6+ Ke7 74. Rb3 Bc2 75. Rb7+ Ke6 76. Rc7 Bd3 77. Ke3 Bb1 78. Kd4 Ba2 79. Rb7 Kf5 80. Rb6 Be6 81. Rd6 1-0

[Event "BCF-chT2c 1213 (4NCL) Promotion pool"]
[Site "England"]
[Date "2013.05.04"]
[Round "9.13"]
[White "Weller, Jean Luc"]
[Black "Schmidt, Jan Peter"]
[Result "1-0"]
[WhiteElo "2176"]
[BlackElo "2269"]
[PlyCount "127"]
[EventDate "2012.11.13"]
[EventType "team-tourn"]
[EventRounds "4"]
[EventCountry "ENG"]
[SourceTitle "EXT 2014"]
[Source "ChessBase"]
[SourceDate "2013.11.20"]
[SourceVersion "1"]
[SourceVersionDate "2013.11.20"]
[SourceQuality "1"]
[WhiteTeam "White Rose II"]
[BlackTeam "Oxford"]
[WhiteTeamCountry "ENG"]
[BlackTeamCountry "ENG"]

1. d4 Nf6 2. c4 e6 3. Nc3 Bb4 4. g3 c5 5. Nf3 cxd4 6. Nxd4 0-0 7. Bg2 Nc6 8. 0-0 Qe7 9. Nc2 Rd8 10. Nxb4 Qxb4 11. Qd3 Ne5 12. Qd4 d6 13. b3 Nc6 14. Qd3 Ne5 15. Qc2 Bd7 16. Bg5 Bc6 17. Ne4 Bxe4 18. Bxe4 Nxe4 19. Bxd8 f5 20. f3 Qc5+ 21. Kh1 Nxg3+ 22. hxg3 Rxd8 23. Qd2 b6 24. Rad1 h6 25. Qd4 Qc7 26. e4 Qf7 27. exf5 Qxf5 28. Kg2 Kh8 29. Qe4 Qxe4 30. fxe4 Kg8 31. Rd2 Ng4 32. Kh3 h5 33. Kh4 Nf6 34. e5 Ne4 35. Rd4 g5+ 36. Kh3 d5 37. cxd5 exd5 38. Re1 Rc8 39. Rxd5 Nf2+ 40. Kg2 Rc2 41. Kf3 Ng4 42. Rd8+ Kg7 43. Ke4 Rxa2 44. Kf5 Nh6+ 45. Ke6 Ng4 46. Rd7+ Kg6 47. Rd6 h4 48. gxh4 gxh4 49. Rg1 Kh5 50. Rd4 Nf2 51. Rd8 Ng4 52. Rh8+ Nh6 53. Rf1 Rg2 54. Rf6 Rg6 55. Rxg6 Kxg6 56. Kd7 h3 57. e6 h2 58. e7 h1Q 59. e8Q+ Kg5 60. Qe5+ Kg6 61. Qe6+ Kg7 62. Qxh6+ Qxh6 63. Rxh6 Kxh6 64. Kc6 1-0

[Event "BCF-chT2b 1213 (4NCL)"]
[Site "England"]
[Date "2013.03.23"]
[Round "7.73"]
[White "Weller, Jean Luc"]
[Black "Longson, Alexander"]
[Result "1/2-1/2"]
[WhiteElo "2176"]
[BlackElo "2270"]
[PlyCount "159"]
[EventDate "2012.11.03"]
[EventType "team-tourn"]
[EventRounds "7"]
[EventCountry "ENG"]
[SourceTitle "EXT 2014"]
[Source "ChessBase"]
[SourceDate "2013.11.20"]
[SourceVersion "1"]
[SourceVersionDate "2013.11.20"]
[SourceQuality "1"]
[WhiteTeam "White Rose II"]
[BlackTeam "3CS Oldham"]
[WhiteTeamCountry "ENG"]
[BlackTeamCountry "ENG"]

1. d4 Nf6 2. c4 e6 3. Nc3 d5 4. cxd5 exd5 5. Bg5 c6 6. e3 Bf5 7. Qf3 Bg6 8. Bxf6 Qxf6 9. Qxf6 gxf6 10. h4 h5 11. Nge2 Bd6 12. Nf4 Nd7 13. Rc1 a5 14. f3 Nf8 15. g3 Ne6 16. Kf2 0-0 17. Bh3 f5 18. Rhg1 Kg7 19. Nce2 Kf6 20. Rcf1 Ra6 21. Nc3 Raa8 22. Rc1 Rfe8 23. Bf1 Rad8 24. Bd3 Bb8 25. a3 Bd6 26. Rb1 Ra8 27. Rgc1 Kg7 28. Rg1 Be7 29. Nce2 Kh6 30. Rgc1 Bd6 31. Rc3 a4 32. Bc2 Re7 33. Rg1 Nf8 34. Bd1 Nd7 35. Bc2 Nf8 36. g4 fxg4 37. fxg4 hxg4 38. Rxg4 Bxf4 39. Nxf4 Bxc2 40. Rxc2 Nh7 41. Kf3 Rae8 42. Re2 Re4 43. Rg3 Nf8 44. Nd3 Rxh4 45. Ne5 Rxe5 46. dxe5 Nd7 47. Rf2 Nxe5+ 48. Ke2 Rh5 49. Rf6+ Kh7 50. Kd2 Rh6 51. Rf4 b5 52. Kc3 c5 53. Rf1 f6 54. Rd1 Rh2 55. Rxd5 b4+ 56. axb4 cxb4+ 57. Kxb4 Rxb2+ 58. Kxa4 Rb7 59. Rd6 Rg7 60. Rh3+ Kg6 61. Rg3+ Kf7 62. Rxg7+ Kxg7 63. Kb4 Ng4 64. Rd3 Kg6 65. Kc5 f5 66. Kd4 Kg5 67. Ra3 Kf6 68. Ra8 Kg6 69. Kd3 Kg5 70. Ke2 Ne5 71. Kf2 Ng6 72. Ra6 Ne5 73. Ra5 Kf6 74. Ra6+ Kf7 75. Ke2 Ke7 76. Kd2 Ng4 77. Kd3 Ne5+ 78. Kd4 Ng4 79. Rb6 Kf7 80. Rb1 1/2-1/2

[Event "BCF-chT2b 1213 (4NCL)"]
[Site "England"]
[Date "2013.01.13"]
[Round "4.51"]
[White "Weller, Jean Luc"]
[Black "Richardson, John R"]
[Result "0-1"]
[WhiteElo "2176"]
[BlackElo "2320"]
[PlyCount "90"]
[EventDate "2012.11.03"]
[EventType "team-tourn"]
[EventRounds "7"]
[EventCountry "ENG"]
[SourceTitle "EXT 2014"]
[Source "ChessBase"]
[SourceDate "2013.11.20"]
[SourceVersion "1"]
[SourceVersionDate "2013.11.20"]
[SourceQuality "1"]
[WhiteTeam "White Rose II"]
[BlackTeam "The ADS"]
[WhiteTeamCountry "ENG"]
[BlackTeamCountry "ENG"]

1. d4 Nf6 2. c4 e6 3. Nc3 Bb4 4. f3 d5 5. a3 Bxc3+ 6. bxc3 c5 7. cxd5 Nxd5 8. dxc5 Qa5 9. e4 Nf6 10. Be3 0-0 11. Qb3 Nfd7 12. a4 Qc7 13. Qa3 b6 14. cxb6 axb6 15. Bb5 Ba6 16. Rb1 Ne5 17. Qb3 Nbd7 18. Ne2 Bxb5 19. axb5 Nd3+ 20. Kf1 N7c5 21. Qc2 Rfd8 22. g3 Nxe4 23. Kg2 Qc4 24. Ra1 Nec5 25. Rhb1 Rxa1 26. Rxa1 Nb4 27. Qb2 Nd5 28. Bg1 h6 29. Ra3 Nc7 30. Qa2 Qxb5 31. c4 Qb4 32. Be3 e5 33. Nc3 Rd3 34. Bxc5 Qxc5 35. Ra8+ Kh7 36. Qc2 Qxc4 37. Rd8 e4 38. Rxd3 exd3 39. Qd2 b5 40. Ne4 Ne6 41. Qc3 f5 42. Qxc4 bxc4 43. Nc3 g5 44. Kf2 f4 45. Nd1 Nd4 0-1